| 000 -LEADER |
| fixed length control field |
00822cam a22002654a 4500 |
| 001 - CONTROL NUMBER |
| control field |
13519718 |
| 005 - DATE AND TIME OF LATEST TRANSACTION |
| control field |
20180220032323.0 |
| 008 - FIXED-LENGTH DATA ELEMENTS--GENERAL INFORMATION |
| fixed length control field |
040310s2005 paua b 001 0 eng |
| 010 ## - LIBRARY OF CONGRESS CONTROL NUMBER |
| LC control number |
2004005807 |
| 020 ## - INTERNATIONAL STANDARD BOOK NUMBER |
| International Standard Book Number |
0781749883 |
| 035 ## - SYSTEM CONTROL NUMBER |
| System control number |
(DNLM)101209621 |
| 040 ## - CATALOGING SOURCE |
| Original cataloging agency |
DNLM/DLC |
| Transcribing agency |
DLC |
| Modifying agency |
DLC |
| 041 ## - LANGUAGE CODE |
| Language code of text/sound track or separate title |
eng |
| 042 ## - AUTHENTICATION CODE |
| Authentication code |
pcc |
| 060 10 - NATIONAL LIBRARY OF MEDICINE CALL NUMBER |
| Classification number |
QZ 4 |
| Item number |
P851p 2005 |
| 080 ## - UNIVERSAL DECIMAL CLASSIFICATION NUMBER |
| Universal Decimal Classification number |
616.07 POR |
| 082 00 - DEWEY DECIMAL CLASSIFICATION NUMBER |
| Classification number |
616.07 POR |
| Edition number |
22 |
| 100 1# - Rafti |
| Rafti |
7 |
| 101 ## - Shkurtesa |
| Shkurtesa |
ANA |
| 245 10 - TITLE STATEMENT |
| Title |
Pathophysiology : |
| Statement of responsibility, etc |
Carol Mattson Porth. |
| 504 ## - BIBLIOGRAPHY, ETC. NOTE |
| Bibliography, etc |
Includes bibliographical references and index. |
| 906 ## - LOCAL DATA ELEMENT F, LDF (RLIN) |
| a |
7 |
| b |
cbc |
| c |
orignew |
| d |
1 |
| e |
ecip |
| f |
20 |
| g |
y-gencatlg |
| 942 ## - ADDED ENTRY ELEMENTS (KOHA) |
| Source of classification or shelving scheme |
|
| Item type |
Books |